000 00630nam a2200181Ia 4500
008 090123s9999 xx 000 0 und d
082 _b40637
100 _aदेशपांडे वि.भा.
245 _aगाजलेल्या रंगभूमिका
250 _a1
260 _bरोहन प्रकाशन
_c2006
300 _a262
600 _aदेशपांडे वि.भा.
630 _aगाजलेल्या रंगभूमिका
700 _aदेशपांडे वि.भा.
730 _aगाजलेल्या रंगभूमिका
942 _cBOOK
999 _c78710
_d78710